00959nam a22002655a 450000500170000000800410001702000150005804000280007304100130010108200210011410000210013524500840015626000370024030000210027750000410029854100380033954600550037765000310043265100100046365300250047370000340049894200080053299900150054095201380055520171205132720.0171205t1998 ua frb 000 0 eng d a9770904872 aEG-ScBUEbengcEG-ScBUE1 aenghara04a320.557bFEK2221 aFekiy, Moustafa.10aIslam in a changing world /cMostafa El Feky ; translated by Mokhtar El Gammal. aCairo :bDar El Shorouk,c[1998] a143 p. ;c20 cm. aIncludes bibliographical references. aDonations from Dr. Mostafa Gouda. aText in English ; translated from original Arabic. 7aIslam and politics.2BUEsh 2BUEsh bBUSBOLcDecember20171 aGammal, Mokhtar,etranslator. 2ddc c3047d3047 00102ddc40708Donation-GaMAINbMAINc1STd2007-11-19eDonationl6m1o320.557 FEKp000001109r2025-07-15 00:00:00s2014-04-14yBB